000 01183nam a2200313 i 4500
003 EG-GICUC
005 20260221115943.0
008 260221s1984 ua ||||fr|||| 001 0 ara d
017 _a84/2925
040 _a EG-GICUC
_bara
_c EG-GICUC
_d EG-GICUC
_erda
041 _aara
082 0 4 _a343.4
_bم ع . و
_221
092 0 4 _221
099 _aLaw1 10 343.4 م ع . و 1984 1005320
100 0 _aمعوض عبد التواب.
_eمؤلف.
245 1 2 _aالوسيط في شرح التشريعات الجنائية الخاصة /
_cمعوض عبد التواب.
264 1 _aالإسكندرية، مصر :
_bمنشأة المعارف،
_c1984.
300 _a478 صفحة ؛
_c24 سم.
_bإيضاحيات، صور، مثيليات ؛
336 _2rda content
_atext
337 _2rda media
_aComputer
338 _2rda carrier
_aOnline Resource
504 _aيشتمل على ارجاعات ببليوجرافية.
546 _aالنص باللغة العربية
650 1 _aالتشريعات الجنائية الخاصة.
_2qrmak
651 1 _2qrmak
856 4 0 _uhttps://fll.law.cu.edu.eg/fulltext/bks/B10-05320.pdf
905 _a18
942 _2ddc
_n0
_cBK
_e21
999 _c63948
_d63948